Eclipse de Dios : estudios sobre las relaciones entre religión y filosofía /

Guardat en:
Dades bibliogràfiques
Autor principal: Buber, Martin (autor)
Format: Llibre
Idioma:espanyol
Publicat: Buenos Aires, Argentina : Nueva Visión, 1984
Matèries:
Etiquetes: Afegir etiqueta
Sense etiquetes, Sigues el primer a etiquetar aquest registre!

MARC

LEADER 00000nam^a2200000^a^4500
001 000000745
005 20250521000000.0
009 20260310083040.475
020 |a 950-602-064-7 
037 |a Acervo ITESO - Biblioteca 
041 |a ESP 
082 |a 200. 1  |b BUB 
100 |a Buber, Martin  |e (autor) 
245 1 0 |a Eclipse de Dios :  |b estudios sobre las relaciones entre religión y filosofía /  |c M. Buber; tr. por: Luis Fabricant. 
264 1 |a Buenos Aires, Argentina :  |b Nueva Visión,  |c 1984 
300 |a 124 p. 
336 |a texto  |b txt  |2 rdacontenido 
337 |a sin mediación  |b n  |2 rdamedio 
338 |a volumen  |b nc  |2 rdasoporte 
500 |a Traducción de: Eclipse of God 
649 |a XX 
650 |a Religión 
650 |a Religión -  |x Filosofía 
650 |a Teología Filosófica 
910 |a Fondo General 
920 |a Impresos - Libros 
930 |a Colección General 
905 |a 101 
901 |a 0007450100  |b IT1  |c ACC  |i 000745  |u 20250521 
902 |a https://opac.biblio.iteso.mx/vufind/Record/000000745